[Event "1st Guwahati GM Open 2022"]
[Site "Guwahati"]
[Date "2022.03.20"]
[Round "10.14"]
[White "Shyaamnikhil P"]
[Black "Srija, Seshadri"]
[Result "1-0"]
[WhiteElo "2442"]
[BlackElo "2219"]
[Annotator "TA"]
[PlyCount "71"]
[EventDate "2022.03.15"]
[EventCountry "IND"]
[SourceTitle "playchess.com"]
[Source "ChessBase"]
[SourceQuality "1"]

{[%evp 9,71,0,24,-8,47,48,49,61,76,37,82,56,60,29,57,60,51,38,39,60,64,52,29,33,41,40,44,26,52,33,141,103,287,126,670,661,902,856,831,718,780,773,783,778,774,772,740,758,745,754,744,691,697,719,727,717,719,710,733,733,2311,1489,29992,29993]} 1. Nf3 d5 {[%cal Bd7d5,Bd5d4][%mdl 32]} 2. g3 g6 3. c4 d4 4. Bg2 Bg7 5. O-O e5 6. d3 {A09: Réti Opening: 1 Nf3 d5 2 c4.} c5 ({Better is} 6... Ne7 $11) 7. e3 $14 Nc6 8. exd4 {White is slightly better.} cxd4 9. Re1 {[%cal Ob2b4]} (9. b4 $5) 9... Nge7 {[#]} (9... f6 $14 {deserves consideration.}) 10. b4 $1 $16 Nxb4 11. Qa4+ Nbc6 12. Nxe5 $1 O-O $1 13. Nxc6 Nxc6 14. Ba3 Re8 15. Rxe8+ Qxe8 16. Nd2 {[%cal Bb1d2,Bd2e4,Be4g5][%mdl 32]} Bd7 $1 {[#]} 17. Qb3 $146 ({Predecessor:} 17. Ne4 Ne5 18. Qb3 Bc6 19. Re1 Qe6 20. h3 Qf5 21. f4 Nd7 22. Nd6 Qa5 23. Bb4 {0-1 (32) Sutkovic,D (2243)-Dumpor,A (2301) Donji Vakuf 2001}) 17... b6 18. Ne4 $36 {[%mdl 2048] White has some pressure.} Qe5 19. f4 Qh5 {White stays focused until the end.} (19... Qa5 $14) 20. Ng5 Na5 $2 21. Qb4 (21. Qb2 $18 {has better winning chances.} Rc8 22. Bf3) 21... Bc6 {[%mdl 8192]} (21... Bf8 $16 22. c5 {[#]} Bxc5 $1) 22. Qe7 $18 Rf8 23. Bxc6 Nxc6 24. Qb7 Nd8 25. Qd7 Qe2 26. Bxf8 Qe3+ 27. Kh1 Bxf8 28. Qxd8 h6 29. Ne4 Qxd3 30. Qd5 Qf3+ 31. Kg1 {aiming for Nf6+.} Qe3+ 32. Kg2 Qe2+ 33. Nf2 Bc5 34. Rf1 {[%cal Ba1f1,Bf1e1,Be1e8][%mdl 32]} Qxa2 35. Re1 {Threatening mate with Re8+.} Kg7 36. Re8 {Weighted Error Value: White=0.20 (precise) /Black=0.70} 1-0

[Event "1st Guwahati GM Open 2022"]
[Site "Guwahati"]
[Date "2022.03.20"]
[Round "10.15"]
[White "Shiva Pavan Teja Sharma U"]
[Black "Mosadeghpour, Masoud"]
[Result "1/2-1/2"]
[WhiteElo "2022"]
[BlackElo "2511"]
[Annotator "TA"]
[PlyCount "83"]
[EventDate "2022.03.15"]
[EventCountry "IND"]
[SourceTitle "playchess.com"]
[Source "ChessBase"]
[SourceQuality "1"]

{[%evp 9,83,26,27,25,25,22,43,29,39,24,33,20,20,22,31,27,27,36,53,25,18,-18,38,-14,12,-23,-12,-29,0,-30,-35,-48,-52,-52,-53,-46,-26,-38,0,-13,14,0,0,-19,-16,-29,-52,-32,0,0,0,0,36,48,68,0,0,0,193,218,219,218,227,208,223,210,275,27,25,26,28,0,0,0,32,0]} 1. e4 c5 2. Nf3 d6 3. Bb5+ Nd7 4. a4 {[%cal Ba2a4,Ba4a5][%mdl 32]} Ngf6 5. Nc3 g6 6. a5 {B51: Sicilian: Moscow Variation (3 Bb5+) without 3...Bd7.} Bg7 7. O-O O-O 8. Re1 a6 9. Bf1 e5 10. d3 Nb8 11. Nd5 Nxd5 12. exd5 {[#]} Nd7 $146 ({Predecessor:} 12... h6 13. Nd2 f5 14. f4 exf4 15. Nc4 Bd4+ 16. Kh1 Qh4 17. Nd2 g5 18. Nf3 Qh5 19. Nxd4 Qxd1 20. Rxd1 cxd4 {½-½ (74) Sadzikowski,D (2504)-Edouard,R (2653) Sitges 2019}) 13. c4 h6 14. Nd2 f5 15. g3 Nf6 (15... g5 $11) 16. Bg2 (16. b4 $14) 16... g5 17. Ra3 Bd7 18. Ra2 {[%cal Ob2b4]} b5 19. b4 (19. axb6 $5 Qxb6 20. b3 $11) 19... cxb4 20. Qb3 Rb8 (20... bxc4 21. Nxc4 Ne8 22. Bd2 $11 (22. Qxb4 Rb8 $11)) 21. Qxb4 bxc4 22. Qxc4 Bb5 23. Qb3 Be8 24. Qa3 Bf7 25. Nc4 Bxd5 26. Bxd5+ Nxd5 {[%cal Bf6d5,Bd5c7,Bc7b5,Bb5d4][%mdl 32]} 27. Bd2 Rf6 28. Rb2 f4 29. Reb1 Rxb2 30. Qxb2 Kh7 31. Qb7 $1 {[%csl LRa6,LRd5]} Nc7 32. g4 {White is more active.} (32. Rb6 $14) 32... Nb5 33. Qxa6 Qd7 34. h3 $1 $18 ({Don't blunder} 34. Rxb5 $2 Qxg4+ 35. Kf1 Qd1+ 36. Be1 (36. Kg2 {gets mated.} f3+ 37. Kh3 Qf1+ 38. Kg4 Qg2+ 39. Kh5 Qh3#) 36... Qxd3+ 37. Kg1 Qd1 $19) 34... Nd4 {aiming for ...d5.} 35. Qb7 Qxb7 36. Rxb7 {Hoping for a6.} d5 37. Nxe5 Re6 {[#]} 38. Kf1 $2 Kg8 $11 (38... Rxe5 $2 39. Bc3 Nc6 40. Bxe5 Nxe5 41. a6 $18) 39. Rb8+ Kh7 40. Rb7 {[%cal Od2c3] Threatens to win with Bc3!} Kg8 (40... Rxe5 $2 41. Bc3 Nc6 42. Bxe5 Nxe5 43. a6 $18) 41. Rb8+ Kh7 42. Rb7 {Weighted Error Value: White=0.20 (precise) /Black=0.20 (precise)} 1/2-1/2

[Event "1st Guwahati GM Open 2022"]
[Site "Guwahati"]
[Date "2022.03.20"]
[Round "10.16"]
[White "Tahbaz, Arash"]
[Black "Imocha, Laishram"]
[Result "1-0"]
[WhiteElo "2469"]
[BlackElo "2049"]
[Annotator "TA"]
[PlyCount "61"]
[EventDate "2022.03.15"]
[EventCountry "IND"]
[SourceTitle "playchess.com"]
[Source "ChessBase"]
[SourceQuality "1"]

{[%evp 15,61,-5,17,25,19,10,13,10,25,22,21,16,15,22,25,17,27,24,44,15,69,37,81,41,107,120,126,127,140,57,108,98,99,34,341,205,326,327,334,341,334,341,320,329,413,410,399,372]} 1. e4 e6 2. d3 d5 3. Nd2 c5 4. Ngf3 Nc6 5. g3 Nf6 6. Bg2 Be7 7. O-O O-O 8. Re1 a5 9. a4 {C00: French: Unusual White 2nd moves.} Rb8 {[#]} 10. b3 $146 ({Predecessor:} 10. e5 Nd7 11. Nb1 b5 12. axb5 Rxb5 13. Nc3 Rb8 14. Rb1 Nb6 15. h4 Bd7 16. Bg5 Nd4 {1-0 (33) Berend,E (2328)-Hoolt,S (2274) Germany 2008}) 10... b6 11. Bb2 {The position is equal.} d4 12. Nc4 Ba6 13. Nfe5 Nb4 14. f4 Ne8 15. Qe2 (15. c3 {feels hotter.} dxc3 16. Bxc3 f6 17. Bxb4 Qd4+ 18. Kh1) 15... f6 16. Nf3 Nc7 17. h4 Re8 (17... e5 $11) 18. g4 {[%cal Bg3g4,Bg4g5][%mdl 32]} Bf8 (18... Rf8 $14) 19. g5 f5 (19... Bd6 $14) 20. Nfe5 $16 Bd6 21. Nxd6 {White is more active.} Qxd6 22. Ba3 (22. Qh5 Nxc2 23. Qf7+ Kh8 $17) ({Better is} 22. Rad1 $16) 22... Bb7 ({Black should try} 22... Nc6 $14) 23. Bxb4 (23. Qh5 $6 Nxc2 24. Qf7+ Kh8 $11) 23... cxb4 24. Qh5 (24. Qf2 $16) 24... fxe4 $2 {[%mdl 8192] A mistake that costs the game.} (24... Rf8 $14) 25. Qf7+ $18 (25. dxe4 Rf8 $14) ({Not} 25. Bxe4 Bxe4 26. Qf7+ (26. dxe4 Qc5 $11) (26. Rxe4 Rf8 $14) 26... Kh8 $18) 25... Kh8 {[#]} 26. Qxe8+ {[%mdl 512]} Nxe8 27. Nf7+ Kg8 28. Nxd6 Nxd6 29. dxe4 Rf8 30. Rad1 ({Less strong is} 30. e5 Bxg2 31. exd6 (31. Kxg2 Nf5 $16) 31... Bd5 $18) 30... Rxf4 31. Rxd4 {Weighted Error Value: White=0.13 (very precise) /Black=0.53} 1-0

[Event "1st Guwahati GM Open 2022"]
[Site "Guwahati"]
[Date "2022.03.20"]
[Round "10.17"]
[White "Gholami Orimi, Mahdi"]
[Black "Kumar, Gaurav"]
[Result "1-0"]
[WhiteElo "2420"]
[BlackElo "2025"]
[Annotator "TA"]
[PlyCount "49"]
[EventDate "2022.03.15"]
[EventCountry "IND"]
[SourceTitle "playchess.com"]
[Source "ChessBase"]
[SourceQuality "1"]

{[%evp 9,49,0,27,13,10,20,17,15,62,56,56,9,48,38,42,31,47,34,100,102,102,100,100,95,138,122,159,147,143,147,147,80,147,147,141,147,149,151,135,127,589,577]} 1. d4 Nf6 2. c4 e6 3. Nc3 Bb4 4. e3 O-O 5. Bd2 a5 6. Nf3 {E46: Nimzo-Indian: Rubinstein: 4 e3 0-0 5 Ne2 without early Bd3.} Bxc3 7. Bxc3 Ne4 8. Qc2 {The position is equal.} f5 (8... Nxc3 $11 9. Qxc3 b6) 9. Bd3 $14 Nxc3 10. Qxc3 (10. bxc3 $14 b6 11. e4) 10... d6 {[#]} 11. e4 $146 ({Predecessor:} 11. Qc2 Nc6 12. a3 e5 13. d5 Ne7 14. Be2 a4 15. e4 fxe4 16. Qxe4 Bf5 17. Qe3 {0-1 (42) Korenika,M (2222)-Damjanovic,M (2307) Croatia 2009}) 11... Nc6 12. exf5 exf5 13. O-O-O d5 {[#]} (13... a4 $14) 14. a3 $1 $16 Ne7 15. Rhe1 c6 16. c5 f4 (16... Ng6 $142) 17. Re5 {White is much more active.} Bf5 18. Ng5 {Hoping for Rde1.} Ng6 19. Bxf5 {[%cal Bd3f5,Bf5h7,Bh7c2][%mdl 32]} Nxe5 20. Bxh7+ ({Of course not} 20. Ne6 $6 Qh4 21. Nxf8 Rxf8 $11) 20... Kh8 21. Ne6 Qh4 {[%cal Of8f7]} 22. Nxf8 ({Don't take} 22. dxe5 $6 Kxh7 23. Nxf8+ Rxf8 $14) 22... Rxf8 {[#]} 23. Bc2 $1 (23. dxe5 $6 Kxh7 24. f3 Re8 $14) 23... Ng4 24. Rf1 ({Much less strong is} 24. Qxa5 $6 Qxf2 25. Qd2 Qxd2+ 26. Kxd2 g5 $14) 24... Nxf2 $2 {[%mdl 8192]} (24... f3 $16 {is a better chance.} 25. gxf3 Nxf2) 25. Qe1 {Weighted Error Value: White=0.04 (flawless) /Black=0.56} 1-0

[Event "1st Guwahati GM Open 2022"]
[Site "Guwahati"]
[Date "2022.03.20"]
[Round "10.18"]
[White "Arnav Maheshwari"]
[Black "Gusain, Himal"]
[Result "1/2-1/2"]
[WhiteElo "1934"]
[BlackElo "2408"]
[Annotator "TA"]
[PlyCount "96"]
[EventDate "2022.03.15"]
[EventCountry "IND"]
[SourceTitle "playchess.com"]
[Source "ChessBase"]
[SourceQuality "1"]

{[%evp 12,96,-8,-15,-20,-12,-15,-56,-47,-42,-52,-56,0,-9,0,0,0,0,0,0,0,0,8,0,0,0,64,50,83,39,52,17,23,32,49,0,51,53,37,57,172,175,158,164,132,143,147,187,189,171,158,75,82,0,0,0,0,0,0,0,0,0,0,0,73,57,61,68,61,68,81,43,62,0,0,0,0,0,0,0,0,0,0,-89,-89,-104,-89]} 1. d4 d5 2. c4 e6 3. g3 dxc4 4. Bg2 c6 5. Nf3 b5 6. a4 Bb7 7. O-O Nd7 {D30: Queen's Gambit Declined: Systems without Nc3.} 8. Qc2 Ngf6 9. e4 (9. Nfd2 $11 {feels stronger.}) 9... Be7 {Black is slightly better.} 10. Nc3 a6 11. Ng5 {[#]} h6 $146 (11... e5 $15 12. dxe5 Nxe5) ({Predecessor:} 11... b4 12. e5 Nd5 13. Nce4 a5 14. Qxc4 h6 15. Nh3 Ba6 16. Qxc6 Bxf1 17. Bxf1 O-O {0-1 (44) Ilken,Z (2274)-Krzyzanowski,A (2361) ICCF email 2017}) 12. Nxe6 $1 $11 fxe6 13. e5 Nd5 14. Qg6+ Kf8 15. Nxd5 cxd5 16. Qxe6 Nb6 17. a5 Na4 18. Qf5+ Ke8 (18... Kg8 $11) 19. Bh3 $14 (19. e6 Qd6 $11) 19... Bc8 20. e6 $36 {[%csl Ge6][%cal Rf5f7][%mdl 2048] White is pushing.} Qd6 $1 21. Qf7+ Kd8 22. Qxg7 Rf8 23. Qxh6 (23. Re1 $1 $14) 23... Kc7 ({Black should play} 23... Bb7 $11) 24. Qe3 $1 {[%mdl 1024] White has compensation.} Rh8 25. Bf5 {b3 is the strong threat.} Bb7 (25... Rf8 $14 26. g4 Ra7) 26. b3 Raf8 27. Qf3 {aiming for Bf4.} Rxf5 (27... cxb3 $2 28. Bf4 $1 $18) 28. Qxf5 {The board is on fire.} Rf8 29. Qc2 Qxe6 {[%cal Oa4c5]} 30. bxa4 {Black must now prevent Bd2.} b4 31. Qh7 (31. Bf4+ Rxf4 32. gxf4 Qg4+ 33. Kh1 Qf3+ 34. Kg1 Qg4+ 35. Kh1 Qf3+ 36. Kg1 Qg4+ $11) (31. Bd2 $142) 31... Rf7 32. Qh6 (32. Qg8 $16 {Hoping for Bf4+.} Bd6 33. Bg5) 32... Qxh6 $11 33. Bxh6 c3 34. Rfb1 Bc8 35. Rb3 Bf5 36. Bf4+ Kd7 37. Re1 Bc2 {[#]} (37... Bd3 $11) 38. Rxe7+ $1 $16 Rxe7 39. Rxb4 {[%mdl 4096] Endgame KRB-KRB} Re1+ 40. Kg2 Be4+ 41. Kh3 {Threatens to win with Rb7+.} Bf5+ 42. Kh4 ({Better is} 42. g4 $14 Re4 43. Rb7+ (43. gxf5 Rxf4 44. Rb7+ Kd6 $11) 43... Kd8 44. Bg5+ (44. gxf5 Rxf4 45. Rb8+ Kd7 $11) 44... Kc8 45. f3 $1 Bxg4+ 46. Kg3 Bxf3 47. Rb3) 42... Re4 $1 $11 43. Rb7+ $1 Kd8 $1 44. Rb8+ $1 (44. Kg5 $2 Rxf4 $1 45. Kxf4 c2 $1 46. Kxf5 (46. Rb8+ $2 Bc8 $19) 46... c1=Q $19) 44... Kd7 45. Rb7+ $1 (45. Kg5 $2 Rxf4 $1 46. Kxf4 c2 $1 47. Kxf5 (47. Rb7+ $2 Kc8 $19) 47... c1=Q 48. Rb7+ Kc8 $19) 45... Kd8 $1 46. Rb8+ $1 ({Not} 46. Kg5 $2 Rxf4 $1 47. Kxf4 c2 $1 48. Kxf5 (48. Rb8+ $2 Bc8 $19) 48... c1=Q $19) 46... Kd7 47. Rb3 ({But not} 47. Kg5 $2 {[#]} Rxf4 $1 48. Kxf4 c2 $1 49. Kxf5 (49. Rb7+ $2 Kc8 $19) 49... c1=Q 50. Rb7+ Kc8 $19) (47. Rb7+ $1 $11 Kd8) 47... c2 $17 48. Rc3 Rxd4 {White really could win this.  Weighted Error Value: White=0.12 (very precise) /Black=0.12 (very precise)} 1/2-1/2

[Event "1st Guwahati GM Open 2022"]
[Site "Guwahati"]
[Date "2022.03.20"]
[Round "10.19"]
[White "Imtiaz, Islam Bora"]
[Black "Shahil Dey"]
[Result "1/2-1/2"]
[WhiteElo "2004"]
[BlackElo "2400"]
[Annotator "TA"]
[PlyCount "61"]
[EventDate "2022.03.15"]
[EventCountry "IND"]
[SourceTitle "playchess.com"]
[Source "ChessBase"]
[SourceQuality "1"]

{[%evp 23,61,7,44,0,3,0,0,0,6,1,20,0,64,63,66,60,77,66,70,82,79,79,79,74,143,136,135,121,145,142,236,230,182,183,230,211,325,158,322,111]} 1. d4 d5 2. c4 c6 3. Nc3 Nf6 4. e3 e6 5. Nf3 Nbd7 6. Be2 Bd6 7. O-O O-O 8. b3 b6 9. Bb2 Bb7 10. Bd3 c5 11. cxd5 exd5 12. Rc1 Rc8 13. Ne2 {E14: Queen's Indian: Classical Variation (4 e3).} (13. dxc5 $14 {deserves consideration.} bxc5 14. Nb5) 13... Qe7 $11 14. Ng3 {[#] Threatens to win with Nf5.} g6 {Prevents Nf5.} 15. Qe2 {[#] The position is equal.} Rcd8 $146 ({Predecessor:} 15... cxd4 16. Nxd4 Nc5 17. Bb1 Ba6 18. Qf3 Be5 19. Rfd1 Rfd8 20. Nge2 Nfe4 21. Nf4 Ng5 22. Qg4 Bg7 {½-½ (52) Gausel,E (2501)-Kvisvik,B (2289) Norway 2012}) 16. Rfd1 Ne4 17. Bb5 Nb8 (17... f5 $11) 18. dxc5 $14 Nxg3 19. hxg3 bxc5 20. Qc2 a6 21. Bf1 {White is more active.} Nd7 22. Ne1 (22. Qc3 f6 $11) 22... Rc8 23. Nd3 $40 {[%mdl 128] White attacks with force.} ({Much worse is} 23. Qc3 Be5 24. Qc2 Rc7 $11) 23... c4 {[#]} (23... g5 $142) 24. Qc3 $1 $16 {[%csl Gb2][%cal Rc3h8]} f6 25. Nf4 {[%cal Rb3c4]} Be5 26. Qd2 Bxf4 (26... Nb6 $16 {was called for.} 27. Bd4 Qd6) 27. gxf4 $18 cxb3 28. axb3 Rfd8 (28... Rxc1 {was necessary.} 29. Rxc1 Qd6) 29. Qd4 Kg7 (29... Nf8 $142 30. Qxf6 Qxf6 31. Bxf6 Rxc1 32. Rxc1 Rc8 33. Rxc8 Bxc8) 30. g3 (30. g4 $18) 30... Qe4 $2 (30... Nf8 $16 31. Qa7 Ne6 32. Bxa6 Rxc1 33. Rxc1 Rd7) 31. Bh3 $2 {Weighted Error Value: White=0.18 (very precise) /Black=0.35} (31. Rxc8 $18 {is more deadly.} Bxc8 32. Qxd5 Qxd5 33. Rxd5) 1/2-1/2

[Event "1st Guwahati GM Open 2022"]
[Site "Guwahati"]
[Date "2022.03.20"]
[Round "10.20"]
[White "Borgaonkar Akshay"]
[Black "Kaustuv, Kundu"]
[Result "1/2-1/2"]
[WhiteElo "1985"]
[BlackElo "2308"]
[Annotator "TA"]
[PlyCount "86"]
[EventDate "2022.03.15"]
[EventCountry "IND"]
[SourceTitle "playchess.com"]
[Source "ChessBase"]
[SourceQuality "1"]

{[%evp 9,86,-27,2,1,0,-2,13,15,13,20,35,44,65,18,23,17,26,29,35,29,19,17,32,22,23,-2,0,0,0,-25,0,-52,-43,-43,-34,-96,-91,-116,-123,-98,-24,-94,-75,-75,-70,-70,-35,-71,-75,-61,-63,-58,-89,-70,0,0,0,0,0,0,0,0,0,0,0,0,0,0,0,-290,-30,-382,-222,-827,-820,-783,-773,-29978,-5197]} 1. d4 Nf6 2. Bg5 d5 3. Nd2 g6 4. c4 Bg7 5. Ngf3 dxc4 (5... Ne4 $5 {[%cal Re4g5]}) 6. Qa4+ {D00: 1 d4 d5: Unusual lines.} c6 7. Qxc4 (7. Nxc4 $2 b5 8. Qa5 bxc4 $19) 7... O-O 8. e4 {[#] The position is equal.} h6 $146 ({Predecessor:} 8... Nbd7 9. Be2 Nb6 10. Qc2 Bg4 11. Rd1 Re8 12. O-O Rc8 13. Nb3 Qc7 14. h3 Bxf3 15. Bxf3 {1-0 (39) Casartelli,F (1811)-Villalba,F (1650) Crema 2004}) 9. Be3 Nbd7 10. h3 {Prevents Ng4.} Re8 11. Be2 {White is more active.} (11. Qb3 $14 {was preferrable.}) 11... e5 $11 12. dxe5 Nxe5 13. Nxe5 Rxe5 14. O-O Qe8 {[%cal Rf6e4]} 15. Bd3 Re7 16. Qc2 b6 17. Rfe1 c5 18. Nc4 Ba6 19. f3 Nd5 (19... Rd8 {is interesting.} 20. Rad1 Nd5 21. Bd2 Nc7 22. Bf1 Red7) 20. Bd2 (20. exd5 $11 Bxc4 21. Be4 Bxd5 22. Bxd5) 20... Nb4 $15 21. Bxb4 cxb4 22. Qb3 {[#]} ({White should try} 22. Ne3 $15 Rc8 23. Qb3 Bxd3 24. Qxd3) 22... Rd8 $1 $17 23. Rad1 Qb5 24. Bf1 Qc5+ (24... Rxd1 $17 25. Rxd1 Rd7 26. Rxd7 Qxd7) 25. Kh1 (25. Ne3 $11 {remains equal.} Rxd1 26. Rxd1) 25... Rxd1 26. Rxd1 Bxc4 27. Bxc4 Be5 28. Rd5 {[#]} Qf2 29. Rxe5 Rxe5 30. Bxf7+ {[%mdl 4096] Endgame KQR-KQB} Kg7 $1 {( -> ...Rg5)} 31. Bxg6 {White wants to mate with Qf7+.} Qe1+ ({Of course not} 31... Kxg6 32. Qg8+ Kf6 33. Qf8+ Ke6 34. Qe8+ Kf6 35. Qf8+ Ke6 36. Qe8+ Kf6 37. Qf8+ $11) ({Black should play} 31... Re7 $1 $15 32. Qxb4 Rd7) 32. Kh2 $11 {Intending Qf7+ and mate. Dancing on a razor blade.} Re7 {[%cal Be5e7,Be7c7,Bc7c2,Bc2b2][%mdl 32] Prevents Qf7+. Strongly threatening ...Qd2.} (32... Kxg6 $5 33. Qg8+ Kf6 34. Qf8+ Ke6 35. Qe8+ Kf6 36. Qf8+ Ke6 37. Qe8+ Kf6 38. Qf8+ $11) 33. Bf5 $36 {[%mdl 2048] White is pushing.} Qd2 {Inhibits Qc2.} 34. h4 $1 Qd6+ 35. Kh3 Rc7 36. Qe3 Rc2 {And now ...Qd1 would win.} 37. e5 Qd2 {[%csl Gc2][%cal Rd2g2]} 38. Qg1 ({Avoid the trap} 38. Qxd2 $2 Rxd2 39. Be6 Rxb2 $19) 38... Rxb2 (38... Rc1 $5 39. Qh2 Kf8 $11) 39. Be6 {[%mdl 8192]} (39. Qh2 $11 {and White stays safe.} Qe1 40. e6) 39... a5 $2 (39... Qc2 $19 {Threatens to win with ...Kf8.} 40. g3 Qc3) 40. g3 $2 {[%mdl 8192] White does not recover from this.} (40. Qh2 $11 Qe1 41. Bf5 (41. Qf4 Qh1+ 42. Qh2 Qxh2+ 43. Kxh2 a4 $19)) 40... h5 (40... Qf2 $142 41. Qc1 Qh2+ 42. Kg4 Qc2 43. Qxc2 Rxc2) 41. f4 $2 (41. g4 Qf2 42. Qxf2 Rxf2 43. gxh5) 41... a4 $19 {...Qc2 is the strong threat.} 42. Qh1 b3 43. Bc4 Qd7+ {[%mdl 32768] Weighted Error Value: White=0.71/Black=0.25 (precise) . An unexpected result.} 1/2-1/2